EPIC: The Musical - Characters by their Voice Actors - Statistics

General Stats
  • This quiz has been taken 171 times
  • The average score is 21 of 25
Answer Stats
Hint Answer % Correct
Jorge Rivera-Herrans Odysseus, Winions, Polyphemus
97%
Talya Sindel Circe
96%
Troy Doherty (TROY) Hermes
96%
Luke Holt Zeus, Elpenor
96%
Miguel Veloso (MICO) Telemachus
95%
Anna Lea Sirens, Penelope
94%
Janani K. Jha Aphrodite
93%
Steven Dookie Polites
93%
Teagan Earley (TE/MO) Athena
92%
Armando Julián Eurylochus
92%
Barbara Wangui Calypso
91%
Earle Gresham Jr. Ares
90%
Ayron Alexander Perimedes, Antinous
89%
Steven Rodriguez Poseidon
89%
Sarah Botelho (POESY) Hera
88%
Mason Olshavsky Tiresias
88%
Brandon McInnis Apollo
86%
Mike Rivera Hephaestus
86%
KJ Burkhauser Scylla
85%
Wanda Herrans Anticlea
79%
Kira Stone Aeolus
76%
Dennis Diaz Eurymachus
61%
Diana Rivera-Herrans Princess Winion
56%
Jamie Wiltshire Melanthius
37%
Tristan Caldwell Amphinomus
33%
No matching quizzes found
Score Distribution
Percent of People with Each Score
Percentile by Number Answered
Your Score History
You have not taken this quiz